| 000 | 02068nam a2200325 a 4500 | ||
|---|---|---|---|
| 001 | 6714 | ||
| 003 | BD-DhEWU | ||
| 005 | 20230430181025.0 | ||
| 008 | 230430s2021 ii g b 000 0 eng d | ||
| 020 | _a9789387698758 | ||
| 040 |
_aBD-DhEWU _beng _cBD-DhEWU |
||
| 041 | _aeng | ||
| 082 |
_a025.00285 _bBAL 2021 |
||
| 100 | 1 |
_aBalasubramanian, P. _95836 |
|
| 245 | 1 | 0 |
_aLibrary automation and digitization / _cP. Balasubramanian and Sherin Yohannan. |
| 260 |
_aNew Delhi : _bEss Ess Publications, _c2021. |
||
| 300 |
_a195 p. ; _c22 cm. |
||
| 504 | _aIncludes bibliographical references | ||
| 505 |
_tTOC _aPart 1. Library automation and digitization. 1. Library automation packages, 2. Acquisitions and cataloguing, 3. Serials control, 4. Library services Part 2. Media resources. 5. Media resources for libraries and their preservation, 6. Equipments and their maintenance Part 3. Digitization of media resources. 7. Digitization concept and need, 8. Methods and equipment |
||
| 520 | _a"Library Automation and Digitization brings to the forefront, the increasing recognition of the value of knowledge and information to individuals, organizations, and communities, providing an analysis of the concepts of library automation and digitization that prevails among the library and information science (LIS) community. Thus, the book explores knowledge management from the perspective of LIS professionals. Furthermore, unlike most books on the topic, which address it almost exclusively in the context of a firm or an organisation to help gain a competitive advantage, this book looks at library automation and digitization in the context of not for profit organisations such as libraries" -- Back cover | ||
| 526 |
_bISLM _aISLM |
||
| 650 |
_aLibraries _xAutomation. |
||
| 650 | _aKnowledge Management. | ||
| 650 |
_aLibrary materials _xDigitization. |
||
| 700 | 1 |
_aYohannan, Sherin. _925620 |
|
| 856 | 4 | 2 |
_3WorldCat Details _uhttps://worldcat.org/title/1203950058?oclcNum=1203950058 |
| 942 |
_cTEXT _2ddc |
||